000 01375nam a22002417a 4500
005 20211111163221.0
008 211111b ||||| |||| 00| 0 eng d
020 _a0070246718
040 _cAL
041 _aeng
082 _223
_a337.52073
_bGREP
100 _aJulian Gresser
_910248
245 _aPartners in Prosperity: Strategic Industries for the U S and Japan
260 _aNew York
_bMcGraw Hill Book Company
_c1984
300 _axviii,427 p.
_bHB
_c23x16 cm.
365 _b15.95
_c$
_d15.95
520 _aGresser, a lawyer who has practiced in both the U.S. and Japan, argues that technology's crucial contribution to economic growth means that government must actively foster certain industries. He develops a method of identifying strategic industries and technologies, and a negotiation process to help the U.S. allocate resources to strategic sectors. Finally, Gresser urges that the United States and Japan pursue joint economic growth "as though their respective strategic industries were actually those of one country." With its many new insights and startling ideas, this book will profoundly influence American economic thinking for years to come.
650 _aInternational Economics
_910249
650 _aJapanese Challenge
_910250
650 _aU S Japan Technological Partnership
_910251
700 _aGRESSER (Julian)
_910252
942 _2ddc
_cGF
999 _c220526
_d220526